No Hint Sorting Gallery II Quiz Stats

 Plays Quiz Updated Jan 11, 2016

Challenge
Share
Tweet
Embed
Score 0/78 Timer 12:00
10 Plays Today
% Correct
Pig
90.2%
Dog
89.7%
Rat
89.6%
Ox
89.6%
Goat
89%
Tiger
88%
Horse
87.7%
Snake
87.6%
Casey Affleck
87.1%
Monkey
86.8%
George Clooney
86.7%
Rabbit
86.5%
Elliott Gould
86.3%
Don Cheadle
86.1%
Envy
85.9%
Greed
85.9%
Gluttony
85.8%
Matt Damon
85.7%
Lust
85.7%
Carl Reiner
85.6%
Bernie Mac
85.6%
Brad Pitt
85.5%
Eddie Jemison
85.2%
Dragon
85.1%
British Columbia
85.1%
Adverb
85.1%
Rooster
84.9%
Adjective
84.8%
Pride
84.7%
New Brunswick
84.6%
Nova Scotia
84.4%
Newfoundland and Labrador
84.1%
Billiard Room
83.5%
Wrath
83.4%
Ballroom
83.3%
Dining Room
83.2%
Prince Edward Island
83%
Scott Caan
82.9%
Sloth
82.7%
% Correct
Atlantic
82.6%
Library
82.6%
Noun
82.2%
Arctic
82.2%
Conjunction
81.9%
Pacific
81.7%
Alberta
81.7%
Quebec
81.5%
Conservatory
81.5%
Ontario
81.2%
Saskatchewan
81.2%
Pronoun
81.1%
Indian
81%
Lounge
80.9%
Interjection
80.7%
Preposition
80.4%
Invisible Woman
80.1%
Manitoba
80.1%
Verb
79.8%
Athos
79.4%
Kitchen
79.4%
Mister Fantastic
79.4%
Neon
79%
Human Torch
78.9%
Argon
78.8%
Hall
78.6%
Helium
77.6%
Aramis
77.2%
Porthos
76.8%
Southern
76.3%
The Thing
75.9%
Krypton
75.8%
Study
75.7%
Radon
75.2%
Shaobo Qin
74.6%
Dominican Republic
74%
Haiti
73.5%
Xenon
73%
Neo
64.1%

You're not logged in!

Compare scores with friends on all Sporcle quizzes.
Join for Free
OR
Log In

You Might Also Like...

Show Comments

Extras

Top Quizzes Today


Score Distribution

Your Account Isn't Verified!

In order to create a playlist on Sporcle, you need to verify the email address you used during registration. Go to your Sporcle Settings to finish the process.

Report this User

Report this user for behavior that violates our Community Guidelines.

Details: